歴代ZETA DIVISON VALORANT部門の選手 - Statistics

General Stats
  • This quiz has been taken 14 times
  • The average score is 11 of 14
Answer Stats
Answer % Correct
Laz
100%
TENNN
90%
CLZ
80%
crow
80%
Dep
80%
SugarZ3ro
80%
Syouta
80%
takej
80%
Xdll
80%
barce
70%
hiroron
70%
Reita
70%
Yuran
60%
makiba
30%
No matching quizzes found
Score Distribution
Percent of People with Each Score
Percentile by Number Answered
Your Score History
You have not taken this quiz